000 00681cam a22001815a 4500
001 L155468
008 120326s1801 xxk f 000 0 eng d
035 _a(Sirsi) u155468
041 0 _aeng
100 1 _aLawrence, John
245 0 4 _aThe new farmer's calendar
_bor, Monthly remembrancer, for all kinds of country business ... with the management of live stock ... By a farmer and breeder [i.e. J. Lawrence]. Second edition, with considerable additions
260 _aLondon
_bH. D. Symonds, etc.
_c1801
300 _avi, 554 p.
_bplate
_c8o
583 _aCondition reviewed
_c20120620
_lcondition level 4
651 4 _aGreat Britain
_y1707-
690 _aRural
_96268
942 _n0
999 _c113581
_d113581